<?xml version="1.0" encoding="UTF-8"?>
<record
    xmlns:xsi="http://www.w3.org/2001/XMLSchema-instance"
    xsi:schemaLocation="http://www.loc.gov/MARC21/slim http://www.loc.gov/standards/marcxml/schema/MARC21slim.xsd"
    xmlns="http://www.loc.gov/MARC21/slim">

  <leader>02355nam a2200277 a 4500</leader>
  <controlfield tag="001">000016115</controlfield>
  <controlfield tag="003">DO-SdBNP</controlfield>
  <controlfield tag="005">20220405130853.0</controlfield>
  <controlfield tag="008">100226s2002  dr    000 0 spa d</controlfield>
  <datafield tag="020" ind1=" " ind2=" ">
    <subfield code="z"> </subfield>
  </datafield>
  <datafield tag="040" ind1=" " ind2=" ">
    <subfield code="a">DO-SdBNP</subfield>
    <subfield code="b">spa</subfield>
    <subfield code="c">BPMSU</subfield>
  </datafield>
  <datafield tag="082" ind1=" " ind2=" ">
    <subfield code="a">342.98</subfield>
    <subfield code="b">F224e 2002</subfield>
    <subfield code="2">22</subfield>
  </datafield>
  <datafield tag="100" ind1="1" ind2=" ">
    <subfield code="a">Far&#xED;as Campos, F&#xE9;lix,</subfield>
    <subfield code="d">1959-</subfield>
  </datafield>
  <datafield tag="245" ind1="1" ind2="0">
    <subfield code="a">Estudio comparado de las constituciones pol&#xED;ticas nacionales latinoamericanas /</subfield>
    <subfield code="c">F&#xE9;lix Far&#xED;as Campos.</subfield>
  </datafield>
  <datafield tag="260" ind1=" " ind2=" ">
    <subfield code="a">Santo Domingo :</subfield>
    <subfield code="b">Unicaribe,</subfield>
    <subfield code="c">2002.</subfield>
  </datafield>
  <datafield tag="300" ind1=" " ind2=" ">
    <subfield code="a">815 p. ;</subfield>
    <subfield code="c">25 cm.</subfield>
  </datafield>
  <datafield tag="500" ind1=" " ind2=" ">
    <subfield code="a">Incluye datos biogr&#xE1;ficos del autor en la contraportada.</subfield>
  </datafield>
  <datafield tag="504" ind1=" " ind2=" ">
    <subfield code="a">Bibliograf&#xED;a: p. 208-212</subfield>
  </datafield>
  <datafield tag="505" ind1=" " ind2=" ">
    <subfield code="a">De la persona, la sociedad, el Estado y la naci&#xF3;n 23 -- De la nacionalidad y la extranjer&#xED;a 27 -- De la educaci&#xF3;n y la cultura nacional 63 -- Del r&#xE9;gimen econ&#xF3;mico 105 -- De la estructura del Estado y de las garant&#xED;as constitucionales 141 -- De la reforma de la constituci&#xF3;n 157 -- De las diferencias entre las constituciones 177 -- Conclusiones 205 -- ANEXOS -- Constituci&#xF3;n de la naci&#xF3;n de Argentina 215 -- Constituci&#xF3;n pol&#xED;tica del Estado de Bolivia 229 -- Constituci&#xF3;n de la Rep&#xFA;blica Federativa del Brasil 250 -- Constituci&#xF3;n pol&#xED;tica de Chile 307 -- Constituci&#xF3;n pol&#xED;tica de Colombia 349 -- Constituci&#xF3;n pol&#xED;tica de la Rep&#xFA;blica de Costa Rica 397 -- Constituci&#xF3;n de la Rep&#xFA;blica de Cuba 417 -- Constituci&#xF3;n de la Rep&#xFA;blica Dominicana 433 -- Constituci&#xF3;n pol&#xED;tica de la Rep&#xFA;blica del Ecuador 447 -- Constituci&#xF3;n pol&#xED;tica de la Rep&#xFA;blica de El Salvador 467 -- Constituci&#xF3;n pol&#xED;tica de la Rep&#xFA;blica de Guatemala 491 -- Constituci&#xF3;n de Hait&#xED; 521 -- Constituci&#xF3;n de la Rep&#xFA;blica de Honduras 545 -- Constituci&#xF3;n pol&#xED;tica de M&#xE9;xico 574 -- Constituci&#xF3;n pol&#xED;tica de la Rep&#xFA;blica de Nicaragua 623 -- Constituci&#xF3;n de la Rep&#xFA;blica de Panam&#xE1; 637 -- Constituci&#xF3;n de la Rep&#xFA;blica de Paraguay 667 -- Constituci&#xF3;n de la Rep&#xFA;blica del Per&#xFA; 701 -- Constituci&#xF3;n del Estado Libre Asociado de Puerto Rico 723 -- Constituci&#xF3;n de la Rep&#xFA;blica Oriental del Uruguay 737 -- Constituci&#xF3;n pol&#xED;tica de Venezuela 775</subfield>
  </datafield>
  <datafield tag="590" ind1=" " ind2=" ">
    <subfield code="a">Inventariado, 2022/VM</subfield>
  </datafield>
  <datafield tag="650" ind1=" " ind2="4">
    <subfield code="a">Constituciones  	</subfield>
    <subfield code="z">Am&#xE9;rica Latina</subfield>
  </datafield>
  <datafield tag="651" ind1=" " ind2="4">
    <subfield code="a">Am&#xE9;rica Latina</subfield>
    <subfield code="x">Derecho constitucional</subfield>
  </datafield>
  <datafield tag="710" ind1=" " ind2=" ">
    <subfield code="a">Universidad del Caribe (Rep&#xFA;blica Dominicana)</subfield>
  </datafield>
  <datafield tag="910" ind1=" " ind2=" ">
    <subfield code="a">VMateo V. </subfield>
  </datafield>
  <datafield tag="942" ind1=" " ind2=" ">
    <subfield code="2">ddc</subfield>
    <subfield code="c">BK</subfield>
  </datafield>
  <datafield tag="952" ind1=" " ind2=" ">
    <subfield code="0">0</subfield>
    <subfield code="1">0</subfield>
    <subfield code="2">ddc</subfield>
    <subfield code="4">0</subfield>
    <subfield code="7">0</subfield>
    <subfield code="8">CD</subfield>
    <subfield code="a">BPMET</subfield>
    <subfield code="b">BPMET</subfield>
    <subfield code="d">2022-04-05</subfield>
    <subfield code="o">BPMSU CD 342.98 F224e 2002</subfield>
    <subfield code="p">BPMSU22040012</subfield>
    <subfield code="r">2022-04-05</subfield>
    <subfield code="w">2022-04-05</subfield>
    <subfield code="y">BK</subfield>
  </datafield>
  <datafield tag="999" ind1=" " ind2=" ">
    <subfield code="c">14142</subfield>
    <subfield code="d">14142</subfield>
  </datafield>
</record>
